Ρήγας Βελεστινλής : ο πρωτομάρτυρας της ελληνικής επανάστασης
Saved in:
| Main Author: | |
|---|---|
| Other Authors: | |
| Format: | Book |
| Language: | Greek English |
| Published: |
Αθήνα :
Παπαδήμας,
1997.
|
| Subjects: | |
| Tags: |
Add Tag
No Tags, Be the first to tag this record!
|
MARC
| LEADER | 00000cam a2200000 i 4500 | ||
|---|---|---|---|
| 001 | 1/21571 | ||
| 008 | 060112s1997 gr | ||| |||| ||gre|| | ||
| 020 | |a 960206434X | ||
| 035 | |l 10081916 | ||
| 040 | |a GR-MyUA |b gre |e AACR2 | ||
| 041 | 1 | |a gre |h eng | |
| 082 | 0 | |a 938.483 |2 (22) | |
| 100 | 1 | |a Woodhouse, C. M. |q (Christopher Montaque), |d 1917-2001. | |
| 245 | 1 | 0 | |a Ρήγας Βελεστινλής : |b ο πρωτομάρτυρας της ελληνικής επανάστασης / |c C.M. Woodhouse ; μετάφραση Νίκος Νικολούδης. |
| 260 | |a Αθήνα : |b Παπαδήμας, |c 1997. | ||
| 300 | |a 259 σ. : |b εικ. ; |c 21 εκ. | ||
| 500 | |a Με 12 εικόνες εκτός κειμένου. | ||
| 500 | |a Τίτλος πρωτοτύπου: Rhigas Velestinlis. | ||
| 504 | |a Περιέχει βιβλιογραφία (σ. 231-244) και ευρετήριο. | ||
| 600 | 1 | 0 | |a Ρήγας, Βελεστινλής, |d 1757-1798. |
| 650 | 0 | 0 | |a Revolutionaries |z Greece |x Biography. |
| 651 | 0 | |a Greece |x History |y 1453-1821. | |
| 700 | 1 | |a Νικολούδης, Νίκος, |e trl | |
| 852 | |a INST |b LESVOS |e 20060112 |h 938.483 WOO |p 005100033897 |q 005100033897 |t BK |y 0 | ||
| 901 | |a BIBL1-2006-1 | ||
| 909 | |a Λ |b 124521 | ||
| 920 | |a ΕΠΕΑΕΚ ΚΟΙΝΩΝΙΚΗΣ ΑΝΘΡΩΠΟΛΟΓΙΑΣ |y Λέσβος |z 2005-11 | ||
| 970 | |a ΚΑΡΑ |b ΓΙΑΣΕΜΗ |z 2006/01/12 | ||